[Event "3rd Memory of Nebesna Sotnya-2016 B"]
[Site "Lutsk, Volyn region"]
[Date "2016.02.19"]
[Round "19.7"]
[White "Mischuk, Dmitry"]
[Black "Martynov, Roman"]
[Result "1-0"]
[WhiteElo "2425"]
[BlackElo "2304"]
[PlyCount "74"]
[EventDate "2016.02.19"]
[EventType "swiss (blitz)"]
[EventRounds "22"]
[EventCountry "UKR"]

1. e4 c6 2. d4 d5 3. f3 Qb6 4. a4 dxe4 5. a5 Qc7 6. fxe4 e5 7. Nf3 Bg4 8. Bc4
Nf6 9. dxe5 Nxe4 10. Qe2 Nc5 11. O-O Ne6 12. Nc3 Nd7 13. Bxe6 Bxe6 14. Bf4 Bb4
15. Ne4 O-O 16. a6 bxa6 17. Nfg5 Nxe5 18. Qh5 h6 19. Nxe6 fxe6 20. Qxe5 Qb6+
21. Kh1 Rae8 22. c3 Rf5 23. Qc7 Be7 24. Qxb6 axb6 25. Bg3 a5 26. Rfe1 Rd5 27.
h3 Bf8 28. Re2 Ra8 29. Rae1 a4 30. c4 Rf5 31. Nd6 Rg5 32. Bf4 Rc5 33. Rxe6 Bxd6
34. Rxd6 Rxc4 35. Bd2 b5 36. Rd7 Kh8 37. Bc3 Rg8 1-0

[Event "3rd Memory of Nebesna Sotnya-2016 B"]
[Site "Lutsk, Volyn region"]
[Date "2016.02.19"]
[Round "19.8"]
[White "Reprintsev, Alexander"]
[Black "Budnikov, Oleg"]
[Result "0-1"]
[WhiteElo "2356"]
[BlackElo "2509"]
[PlyCount "67"]
[EventDate "2016.02.19"]
[EventType "swiss (blitz)"]
[EventRounds "22"]
[EventCountry "UKR"]

1. e4 e5 2. f4 exf4 3. Bc4 d5 4. Bxd5 Nf6 5. Nc3 Bb4 6. Nf3 O-O 7. O-O Bxc3 8.
dxc3 Nxd5 9. Qxd5 Qf6 10. Qd4 Qh6 11. Qe5 Qb6+ 12. Kh1 Nc6 13. Qxf4 Be6 14. b3
f6 15. Be3 Qa5 16. b4 Qa4 17. Qxc7 Rf7 18. Qg3 Qxc2 19. b5 Ne7 20. e5 Nf5 21.
Qf2 Qxf2 22. Bxf2 Bc4 23. Rfb1 Re8 24. exf6 Rxf6 25. Rb4 Bd5 26. Rd1 Bxa2 27.
Bxa7 h6 28. Bd4 Rfe6 29. Rf1 Nd6 30. Bc5 Ne4 31. Bg1 Nxc3 32. Nd4 Rg6 33. Rb2
Bd5 34. Nf3 0-1

[Event "3rd Memory of Nebesna Sotnya-2016 B"]
[Site "Lutsk, Volyn region"]
[Date "2016.02.19"]
[Round "20.1"]
[White "Onischuk, Vladimir"]
[Black "Kuzubov, Yuriy"]
[Result "1-0"]
[WhiteElo "2728"]
[BlackElo "2712"]
[PlyCount "88"]
[EventDate "2016.02.19"]
[EventType "swiss (blitz)"]
[EventRounds "22"]
[EventCountry "UKR"]

1. e4 e6 2. d4 d5 3. Nc3 Bb4 4. exd5 exd5 5. Bd3 Ne7 6. Qh5 Nd7 7. a3 Bxc3+ 8.
bxc3 Nf6 9. Qg5 O-O 10. Ne2 Ne4 11. Qh4 Bf5 12. Ng3 Qd7 13. Nxf5 Nxf5 14. Qh3
Qc6 15. O-O g6 16. g4 Nfd6 17. Bh6 Rfe8 18. f3 Nxc3 19. Qh4 Ndb5 20. Qf2 Qf6
21. Be3 Rxe3 22. Qxe3 Nxd4 23. Rae1 Ne6 24. f4 d4 25. Qe5 Qxe5 26. Rxe5 Rd8 27.
f5 gxf5 28. gxf5 Ng5 29. h4 f6 30. Re7 Nf7 31. Rxc7 Ne5 32. Kh2 b5 33. Rg1+ Kh8
34. Kh3 h5 35. Rgg7 Re8 36. Rh7+ Kg8 37. Rcg7+ Kf8 38. Rh8+ Kxg7 39. Rxe8 a5
40. Rb8 Nc4 41. Bxc4 bxc4 42. Rc8 Nb5 43. Rxc4 Nxa3 44. Rc7+ Kf8 1-0

[Event "3rd Memory of Nebesna Sotnya-2016 B"]
[Site "Lutsk, Volyn region"]
[Date "2016.02.19"]
[Round "20.2"]
[White "Rakhmangulov, Andrei"]
[Black "Klymchuk, Andriy"]
[Result "1/2-1/2"]
[WhiteElo "2402"]
[BlackElo "2468"]
[PlyCount "40"]
[EventDate "2016.02.19"]
[EventType "swiss (blitz)"]
[EventRounds "22"]
[EventCountry "UKR"]

1. d4 d5 2. c4 dxc4 3. Nc3 e6 4. e3 a6 5. Bxc4 Nf6 6. Nf3 c5 7. O-O cxd4 8.
Qxd4 Qxd4 9. Nxd4 b5 10. Be2 Bb7 11. Bf3 Bxf3 12. Nxf3 Nbd7 13. Rd1 Bc5 14. b3
Ke7 15. Bb2 Rac8 16. Rac1 Rhd8 17. Kf1 Ke8 18. h3 Nb6 19. Rxd8+ Kxd8 20. Rd1+
Ke8 1/2-1/2

[Event "3rd Memory of Nebesna Sotnya-2016 B"]
[Site "Lutsk, Volyn region"]
[Date "2016.02.19"]
[Round "20.3"]
[White "Bogdanovich, Stanislav"]
[Black "Razin, Vadim"]
[Result "1-0"]
[WhiteElo "2727"]
[BlackElo "2461"]
[PlyCount "27"]
[EventDate "2016.02.19"]
[EventType "swiss (blitz)"]
[EventRounds "22"]
[EventCountry "UKR"]

1. d4 d5 2. c4 Nc6 3. Nf3 e5 4. dxe5 d4 5. Bf4 Be6 6. Nbd2 Nge7 7. e3 Ng6 8.
Qb3 dxe3 9. Bxe3 Qd7 10. O-O-O O-O-O 11. Be2 Ncxe5 12. Nxe5 Nxe5 13. Nf3 Nxc4
14. Rxd7 1-0

[Event "3rd Memory of Nebesna Sotnya-2016 B"]
[Site "Lutsk, Volyn region"]
[Date "2016.02.19"]
[Round "20.4"]
[White "Bortnyk, Mykola"]
[Black "Reshetkov, Kirill"]
[Result "1-0"]
[WhiteElo "2665"]
[BlackElo "2428"]
[PlyCount "62"]
[EventDate "2016.02.19"]
[EventType "swiss (blitz)"]
[EventRounds "22"]
[EventCountry "UKR"]

1. e4 d6 2. d4 Nf6 3. Nc3 e5 4. Nf3 Nbd7 5. Bc4 Be7 6. O-O O-O 7. a4 c6 8. Re1
a5 9. Be3 Ng4 10. Bc1 exd4 11. Nxd4 Nge5 12. Ba2 Nc5 13. h3 Be6 14. Nxe6 fxe6
15. Be3 Ned7 16. Qg4 d5 17. exd5 exd5 18. Rad1 Kh8 19. Ne2 Nf6 20. Qd4 Nce4 21.
Nf4 Bc5 22. Qd3 Bxe3 23. Qxe3 Qd6 24. c4 Qb4 25. cxd5 Qxb2 26. Re2 Qb4 27. Rd4
Qe7 28. Ne6 cxd5 29. Nxf8 Rxf8 30. Bxd5 Qe5 31. Bxe4 Re8 1-0

[Event "3rd Memory of Nebesna Sotnya-2016 B"]
[Site "Lutsk, Volyn region"]
[Date "2016.02.19"]
[Round "20.6"]
[White "Mirzoev, Emil"]
[Black "Polivanov, Anatoliy"]
[Result "1/2-1/2"]
[WhiteElo "2432"]
[BlackElo "2384"]
[PlyCount "139"]
[EventDate "2016.02.19"]
[EventType "swiss (blitz)"]
[EventRounds "22"]
[EventCountry "UKR"]

1. d4 e6 2. c4 d5 3. Nc3 c6 4. e3 f5 5. Nf3 Nf6 6. Bd3 Bd6 7. O-O O-O 8. b3 b6
9. Bb2 Ne4 10. Ne2 Qe7 11. Ne5 Bb7 12. f3 Nf6 13. Rc1 c5 14. cxd5 Nxd5 15. Qd2
Nd7 16. Nxd7 Qxd7 17. e4 Nb4 18. Bb1 cxd4 19. exf5 e5 20. Ng3 Nd5 21. Be4 Ne3
22. Rfe1 Bxe4 23. fxe4 Rac8 24. Nf1 Ng4 25. h3 Nf6 26. Qd3 Bb4 27. Red1 Kh8 28.
a3 Bd6 29. Nd2 Qb7 30. Rxc8 Rxc8 31. Rc1 Rxc1+ 32. Bxc1 Qc6 33. Bb2 b5 34. Kf2
a5 35. Kf3 Nd7 36. Qb1 h6 37. Qc1 Qxc1 38. Bxc1 Nc5 39. Ke2 Kg8 40. Bb2 Be7 41.
g4 Bg5 42. b4 axb4 43. axb4 Na6 44. Nf3 Bf4 45. Ba3 Kf7 46. h4 Nb8 47. g5 hxg5
48. hxg5 Nd7 49. Kd1 Nb6 50. Bc1 Bxc1 51. Kxc1 Nc4 52. Kc2 Ke7 53. Kd3 Nb2+ 54.
Kc2 Nc4 55. Nh4 Nd6 56. Ng6+ Ke8 57. Nxe5 Nxe4 58. Nc6 Nxg5 59. Nxd4 Kd7 60.
Nxb5 Ne4 61. Kd3 Ng3 62. Nd4 Kd6 63. Ke3 Kd5 64. b5 Kc5 65. Kf4 Nf1 66. Ne6+
Kxb5 67. Nxg7 Kc5 68. Ke5 Ne3 69. Ne6+ Kb6 70. Ke4 1/2-1/2

[Event "3rd Memory of Nebesna Sotnya-2016 B"]
[Site "Lutsk, Volyn region"]
[Date "2016.02.19"]
[Round "20.7"]
[White "Martynov, Roman"]
[Black "Mischuk, Dmitry"]
[Result "1-0"]
[WhiteElo "2304"]
[BlackElo "2425"]
[PlyCount "163"]
[EventDate "2016.02.19"]
[EventType "swiss (blitz)"]
[EventRounds "22"]
[EventCountry "UKR"]

1. d4 Nf6 2. c4 e6 3. g3 Bb4+ 4. Bd2 Qe7 5. Nf3 Nc6 6. Nc3 d6 7. Bg2 O-O 8. O-O
Bxc3 9. Bxc3 e5 10. d5 Nb8 11. c5 Na6 12. cxd6 cxd6 13. Nd2 Bd7 14. b4 Nc7 15.
e4 Nb5 16. Bb2 Rfc8 17. Nb3 Nc3 18. Qe1 Na4 19. Qd2 Bb5 20. Rfc1 Bc4 21. Na5
Bb5 22. f3 h6 23. Bf1 Qd7 24. Rxc8+ Rxc8 25. Rc1 Bxf1 26. Rxc8+ Qxc8 27. Kxf1
b6 28. Nc6 Qa6+ 29. Kf2 Qc4 30. Ba1 a6 31. Ne7+ Kh7 32. Nf5 Ne8 33. Ne3 Qc7 34.
Qc2 Qxc2+ 35. Nxc2 Kg8 36. Ke2 Kf8 37. Kd3 Ke7 38. Bc3 Nc7 39. Bd2 b5 40. Na1
Nb2+ 41. Ke2 Nc4 42. Nb3 f5 43. Bc1 g5 44. g4 fxe4 45. fxe4 Ne8 46. Kf3 Nf6 47.
Na5 Nb6 48. Nc6+ Kd7 49. h4 Nh7 50. hxg5 hxg5 51. Ke3 Nc4+ 52. Kf3 Kc7 53. Ne7
a5 54. bxa5 Nxa5 55. Ba3 Nb7 56. Nf5 Nf6 57. Bc1 Nh7 58. Ba3 Nf6 59. Bc1 Nc5
60. Bxg5 Nfxe4 61. Be7 Kd7 62. Bf8 Nf6 63. Bxd6 Nd3 64. Bf8 Nxd5 65. Ke4 N3b4
66. Kxe5 Nb6 67. Bxb4 Nc4+ 68. Kd4 Ke6 69. Ne3 Nb6 70. Kc5 Nd7+ 71. Kxb5 Ke5
72. Kc6 Nb8+ 73. Kb5 Kf4 74. Bc5 Nd7 75. Ba7 Ke4 76. a4 Ke5 77. a5 Kd6 78. Bd4
Kc7 79. g5 Nf8 80. Nd5+ Kb7 81. Nf4 Nd7 82. g6 1-0

[Event "3rd Memory of Nebesna Sotnya-2016 B"]
[Site "Lutsk, Volyn region"]
[Date "2016.02.19"]
[Round "20.8"]
[White "Budnikov, Oleg"]
[Black "Reprintsev, Alexander"]
[Result "1-0"]
[WhiteElo "2509"]
[BlackElo "2356"]
[PlyCount "52"]
[EventDate "2016.02.19"]
[EventType "swiss (blitz)"]
[EventRounds "22"]
[EventCountry "UKR"]

1. Nf3 d5 2. e3 Nc6 3. c4 dxc4 4. Bxc4 e5 5. Nc3 Bd6 6. d4 exd4 7. exd4 Nf6 8.
O-O O-O 9. Bg5 h6 10. Bh4 Bg4 11. h3 Bxf3 12. Qxf3 g5 13. Bg3 Bxg3 14. Qxg3
Qxd4 15. Bb3 Qd6 16. f4 Nh5 17. Qg4 Nxf4 18. g3 Ng6 19. Ne4 Qd4+ 20. Kh1 Kg7
21. Rad1 Qb4 22. Qf5 Rae8 23. Nf6 Re5 24. Nh5+ Kh7 25. Qf6 Qe4+ 26. Kg1 Nb8 1-0

[Event "3rd Memory of Nebesna Sotnya-2016 B"]
[Site "Lutsk, Volyn region"]
[Date "2016.02.19"]
[Round "21.1"]
[White "Bogdanovich, Stanislav"]
[Black "Onischuk, Vladimir"]
[Result "0-1"]
[WhiteElo "2727"]
[BlackElo "2728"]
[PlyCount "132"]
[EventDate "2016.02.19"]
[EventType "swiss (blitz)"]
[EventRounds "22"]
[EventCountry "UKR"]

1. Nf3 Nf6 2. b3 g6 3. Bb2 Bg7 4. g3 O-O 5. Bg2 d6 6. d3 e5 7. e4 Nc6 8. O-O
Re8 9. c4 Bg4 10. h3 Bxf3 11. Qxf3 Nd7 12. Nc3 Nc5 13. Ne2 a5 14. Bc3 Qf6 15.
Qe3 Nb4 16. Bxb4 axb4 17. Qd2 Ra7 18. Qxb4 Nxd3 19. Qd2 Nc5 20. Nc3 c6 21. Rad1
Ne6 22. Ne2 Rea8 23. a4 Nc5 24. Qe3 Qe7 25. Rd2 Ne6 26. Rfd1 Nd4 27. Nxd4 exd4
28. Qd3 Re8 29. f4 Ra6 30. Re2 Rb6 31. Rde1 Rb4 32. Bf3 Qc7 33. Rg2 Qa5 34. Kf1
Rb6 35. Bd1 Qc3 36. Qxc3 dxc3 37. Bc2 Bd4 38. Ke2 c5 39. Kf3 Rc6 40. Rge2 Rc7
41. Rd1 Rce7 42. Rde1 Kg7 43. Bd3 h6 44. Bc2 g5 45. Bd3 b6 46. Bc2 Re6 47. h4
Kf6 48. hxg5+ hxg5 49. Rh1 Ke7 50. Reh2 gxf4 51. gxf4 Rg8 52. Rg2 Rxg2 53. Kxg2
Rg6+ 54. Kf3 Rg7 55. Bd3 Kd8 56. Rh8+ Kc7 57. Rf8 Kb7 58. e5 dxe5 59. Be4+ Kc7
60. f5 Kd6 61. f6 Rg1 62. Rxf7 Rf1+ 63. Ke2 Rf4 64. Bh7 e4 65. Rb7 c2 66. Rxb6+
Kc7 0-1

[Event "3rd Memory of Nebesna Sotnya-2016 B"]
[Site "Lutsk, Volyn region"]
[Date "2016.02.19"]
[Round "21.2"]
[White "Mirzoev, Emil"]
[Black "Klymchuk, Andriy"]
[Result "1/2-1/2"]
[WhiteElo "2432"]
[BlackElo "2468"]
[PlyCount "38"]
[EventDate "2016.02.19"]
[EventType "swiss (blitz)"]
[EventRounds "22"]
[EventCountry "UKR"]

1. g3 g6 2. Bg2 Bg7 3. Nf3 Nf6 4. O-O O-O 5. d3 d6 6. c4 Nc6 7. Nc3 Nh5 8. Rb1
f5 9. Bd2 f4 10. Ne4 e5 11. b4 h6 12. b5 Ne7 13. e3 Be6 14. exf4 exf4 15. Bc3
Qd7 16. Bxg7 Nxg7 17. Qd2 Bh3 18. Rbe1 Bxg2 19. Kxg2 Rae8 1/2-1/2

[Event "3rd Memory of Nebesna Sotnya-2016 B"]
[Site "Lutsk, Volyn region"]
[Date "2016.02.19"]
[Round "21.3"]
[White "Bortnyk, Mykola"]
[Black "Kuzubov, Yuriy"]
[Result "1-0"]
[WhiteElo "2665"]
[BlackElo "2712"]
[PlyCount "59"]
[EventDate "2016.02.19"]
[EventType "swiss (blitz)"]
[EventRounds "22"]
[EventCountry "UKR"]

1. e4 c6 2. d4 d5 3. exd5 cxd5 4. c4 Nf6 5. Nc3 g6 6. cxd5 Bg7 7. Bc4 O-O 8.
Nf3 Nbd7 9. O-O Nb6 10. Qb3 a5 11. Re1 a4 12. Qb4 Nbxd5 13. Nxd5 Nxd5 14. Bxd5
Qxd5 15. Rxe7 Bg4 16. Qxb7 Bxf3 17. gxf3 Qxd4 18. Rxf7 Rfb8 19. Qc7 Rc8 20. Qb7
Rab8 21. Qa7 a3 22. Rxg7+ Qxg7 23. Qxa3 Qf6 24. Kg2 Rf8 25. Bh6 Rf7 26. Rd1 g5
27. Rd6 Qf5 28. h3 Rf6 29. Qa7 Qxf3+ 30. Kg1 1-0

[Event "3rd Memory of Nebesna Sotnya-2016 B"]
[Site "Lutsk, Volyn region"]
[Date "2016.02.19"]
[Round "21.4"]
[White "Rakhmangulov, Andrei"]
[Black "Budnikov, Oleg"]
[Result "0-1"]
[WhiteElo "2402"]
[BlackElo "2509"]
[PlyCount "142"]
[EventDate "2016.02.19"]
[EventType "swiss (blitz)"]
[EventRounds "22"]
[EventCountry "UKR"]

1. d4 Nf6 2. Nf3 e6 3. Bg5 c5 4. e3 Be7 5. Bd3 cxd4 6. exd4 d6 7. c3 O-O 8. O-O
Nbd7 9. a4 Re8 10. a5 a6 11. Re1 Nf8 12. Bh4 Bd7 13. Nbd2 Bc6 14. Nc4 Nd5 15.
Bg3 Ng6 16. Bf1 Qc7 17. Ne3 Rac8 18. Nxd5 Bxd5 19. Bd3 Qc6 20. Re3 f5 21. Qe2
Bf6 22. Re1 Kf7 23. h4 h6 24. h5 Nf8 25. Bf4 Red8 26. Bg3 Bc4 27. Nd2 Bxd3 28.
Qxd3 Qd5 29. f3 Bg5 30. R3e2 Bxd2 31. Qxd2 Qxa5 32. Bf2 Qd5 33. Ra1 Rc6 34. Qd3
b5 35. Ra3 Nd7 36. Bh4 Re8 37. Re1 Qc4 38. Qxc4 bxc4 39. Rea1 Ra8 40. Ra5 Rb6
41. R1a2 e5 42. Bf2 Rb7 43. Rxa6 Rxa6 44. Rxa6 Ke6 45. dxe5 Nxe5 46. Ra2 Nd3
47. Bd4 f4 48. Kh2 Rb5 49. Kg1 Rxh5 50. Ra7 Rb5 51. Rxg7 Rxb2 52. Rg6+ Kd5 53.
Rxh6 Ne1 54. Rg6 Nc2 55. Bg7 Ne3 56. Rg5+ Ke6 57. Bd4 Nf5 58. Rg6+ Kd5 59. Rg5
Ke6 60. Rg6+ Kd7 61. Bf2 Ne3 62. Rf6 Nd5 63. Bd4 Nxf6 64. Bxf6 Ke6 65. Bd4 Kd5
66. Kh2 Rd2 67. Bf6 Ke6 68. Bg7 d5 69. Kh3 d4 70. cxd4 Kd5 71. Bh6 Rxd4 0-1

[Event "3rd Memory of Nebesna Sotnya-2016 B"]
[Site "Lutsk, Volyn region"]
[Date "2016.02.19"]
[Round "21.5"]
[White "Omelja, Artem"]
[Black "Zubarev, Alexander"]
[Result "0-1"]
[WhiteElo "2433"]
[BlackElo "2470"]
[PlyCount "86"]
[EventDate "2016.02.19"]
[EventType "swiss (blitz)"]
[EventRounds "22"]
[EventCountry "UKR"]

1. d4 Nf6 2. c4 e6 3. Nc3 Bb4 4. e3 O-O 5. Nge2 c6 6. a3 Ba5 7. Ng3 d5 8. Be2
Nbd7 9. O-O Bc7 10. Qc2 Re8 11. Rd1 Qe7 12. b3 a6 13. Bb2 Bb8 14. Rac1 Nf8 15.
e4 dxc4 16. Bxc4 Ng6 17. e5 Nd5 18. Nce4 Rd8 19. Ne2 Bd7 20. g3 Be8 21. h4 Ba7
22. Kg2 Rac8 23. b4 Rc7 24. Ng1 f6 25. Nf3 f5 26. Nc5 Nf8 27. Re1 Bh5 28. Be2
Ng6 29. Rcd1 Bxc5 30. dxc5 Rcd7 31. Rd4 h6 32. Bd1 a5 33. Ng1 Bxd1 34. Rexd1
Nxe5 35. Re1 Ng4 36. Nf3 Ndf6 37. Rxd7 Qxd7 38. bxa5 Qd5 39. Bc3 Ne4 40. Bb4
Nexf2 41. Re2 Nd3 42. Qd2 e5 43. Re3 Nxe3+ 0-1

[Event "3rd Memory of Nebesna Sotnya-2016 B"]
[Site "Lutsk, Volyn region"]
[Date "2016.02.19"]
[Round "21.6"]
[White "Borisenko, Viacheslav"]
[Black "Ianov, Viktor"]
[Result "1-0"]
[WhiteElo "2455"]
[BlackElo "2382"]
[PlyCount "77"]
[EventDate "2016.02.19"]
[EventType "swiss (blitz)"]
[EventRounds "22"]
[EventCountry "UKR"]

1. e4 d6 2. d4 g6 3. Nf3 Bg7 4. Be3 a6 5. Bd3 b6 6. h3 Bb7 7. O-O Nd7 8. c3
Ngf6 9. Nbd2 e5 10. Re1 O-O 11. Rc1 Re8 12. d5 Nh5 13. Qc2 Nf4 14. Bf1 Rf8 15.
g3 Nh5 16. Bg2 a5 17. Nf1 h6 18. Qd2 Kh7 19. g4 Nf4 20. Bxf4 exf4 21. Qxf4 Ne5
22. Qe3 Re8 23. Nxe5 Bxe5 24. f4 Bg7 25. Qd2 Qh4 26. Qf2 Qe7 27. Nd2 a4 28. Re3
a3 29. b3 Bxd5 30. Rce1 Bb7 31. h4 Qd7 32. Bh3 Qc6 33. h5 Bxc3 34. hxg6+ fxg6
35. Rc1 Bxd2 36. Rxc6 Bxe3 37. Rxc7+ Kh8 38. Qxe3 Bxe4 39. Qd4+ 1-0

[Event "3rd Memory of Nebesna Sotnya-2016 B"]
[Site "Lutsk, Volyn region"]
[Date "2016.02.19"]
[Round "21.8"]
[White "Mischuk, Dmitry"]
[Black "Polivanov, Anatoliy"]
[Result "0-1"]
[WhiteElo "2425"]
[BlackElo "2384"]
[PlyCount "99"]
[EventDate "2016.02.19"]
[EventType "swiss (blitz)"]
[EventRounds "22"]
[EventCountry "UKR"]

1. e4 e6 2. d4 d5 3. Bd3 c5 4. exd5 exd5 5. Nf3 Nf6 6. O-O c4 7. Re1+ Be7 8.
Bf1 O-O 9. b3 cxb3 10. axb3 Nc6 11. h3 Bf5 12. Bb2 Rc8 13. c3 Ne4 14. Nbd2 Bg6
15. Nxe4 dxe4 16. Nd2 f5 17. f3 Bh4 18. Bc4+ Kh8 19. Re2 Qg5 20. fxe4 Bh5 21.
Be6 Rce8 22. exf5 Rxf5 23. Ne4 Bxe2 24. Nxg5 Bxd1 25. Bxf5 Bxb3 26. Nf3 Bg3 27.
Bd7 Re2 28. Bxc6 bxc6 29. Ba3 Bd5 30. Bc5 Rc2 31. Kf1 a6 32. Ne1 Rxc3 33. Ke2
Bxe1 34. Kxe1 Bxg2 35. Rxa6 h6 36. h4 Rh3 37. Bd6 Rxh4 38. Be5 Bd5 39. Ra7 Rg4
40. Kf2 h5 41. Ra3 h4 42. Rh3 Kh7 43. Bc7 g5 44. Bd8 Kg6 45. Ke3 Kf5 46. Bc7
Re4+ 47. Kd3 Kg4 48. Rh2 h3 49. Rf2 Rf4 50. Ke3 0-1

[Event "3rd Memory of Nebesna Sotnya-2016 B"]
[Site "Lutsk, Volyn region"]
[Date "2016.02.19"]
[Round "22.1"]
[White "Onischuk, Vladimir"]
[Black "Bogdanovich, Stanislav"]
[Result "0-1"]
[WhiteElo "2728"]
[BlackElo "2727"]
[PlyCount "65"]
[EventDate "2016.02.19"]
[EventType "swiss (blitz)"]
[EventRounds "22"]
[EventCountry "UKR"]

1. e4 e5 2. Nf3 Nc6 3. Bb5 g6 4. O-O Bg7 5. c3 a6 6. Ba4 d6 7. h3 Bd7 8. d4 Nf6
9. Re1 O-O 10. d5 Ne7 11. Bxd7 Nxd7 12. c4 h6 13. Nc3 f5 14. Rb1 Nf6 15. Nd2
fxe4 16. Ndxe4 Nf5 17. Be3 Nxe4 18. Nxe4 Kh7 19. c5 Qe7 20. Rc1 Rfd8 21. Qb3
Rab8 22. Re2 dxc5 23. Rxc5 Rd7 24. Rec2 b6 25. Rc6 Rbd8 26. Re6 Qh4 27. Rc4 Qh5
28. g4 Qxh3 29. gxf5 gxf5 30. Ng3 Rxd5 31. Rc1 f4 32. Qc2+ Kh8 33. Nf5 0-1

[Event "3rd Memory of Nebesna Sotnya-2016 B"]
[Site "Lutsk, Volyn region"]
[Date "2016.02.19"]
[Round "22.2"]
[White "Klymchuk, Andriy"]
[Black "Mirzoev, Emil"]
[Result "1/2-1/2"]
[WhiteElo "2468"]
[BlackElo "2432"]
[PlyCount "44"]
[EventDate "2016.02.19"]
[EventType "swiss (blitz)"]
[EventRounds "22"]
[EventCountry "UKR"]

1. d4 Nf6 2. c4 g6 3. Nc3 Bg7 4. e4 d6 5. Bd3 O-O 6. Nge2 e5 7. d5 a5 8. O-O
Nh5 9. Be3 Na6 10. a4 Bd7 11. Ra3 Kh8 12. Bb1 f5 13. exf5 gxf5 14. f4 Qe8 15.
Nb5 Qg6 16. Bc1 Rg8 17. Rf2 Rae8 18. Rh3 Nc5 19. fxe5 Bxe5 20. Nbd4 Ne4 21.
Bxe4 fxe4 22. Rh4 Bg4 1/2-1/2

[Event "3rd Memory of Nebesna Sotnya-2016 B"]
[Site "Lutsk, Volyn region"]
[Date "2016.02.19"]
[Round "22.3"]
[White "Kuzubov, Yuriy"]
[Black "Bortnyk, Mykola"]
[Result "1-0"]
[WhiteElo "2712"]
[BlackElo "2665"]
[PlyCount "81"]
[EventDate "2016.02.19"]
[EventType "swiss (blitz)"]
[EventRounds "22"]
[EventCountry "UKR"]

1. d4 Nf6 2. c4 e6 3. g3 d5 4. Nf3 Bb4+ 5. Bd2 Be7 6. Bg2 O-O 7. O-O b6 8. Bf4
c6 9. Nc3 Nbd7 10. cxd5 cxd5 11. Rc1 a6 12. Na4 b5 13. Nc5 Qb6 14. b4 Ra7 15.
Qd3 Ne8 16. Ne5 Nd6 17. Nexd7 Bxd7 18. Bxd6 Qxd6 19. e3 Bc6 20. a3 a5 21. Qc3
axb4 22. axb4 Bd7 23. Ra1 Rfa8 24. Rfc1 Be8 25. Bf1 h5 26. h4 g5 27. hxg5 Bxg5
28. f4 Bf6 29. Be2 h4 30. g4 Bg7 31. Rxa7 Rxa7 32. Ra1 Qb6 33. Ra3 Rxa3 34.
Qxa3 h3 35. Kh2 f6 36. Qa8 Kf7 37. Kxh3 e5 38. Qxd5+ Kg6 39. Bd3+ Kh6 40. dxe5
fxe5 41. g5+ 1-0

[Event "3rd Memory of Nebesna Sotnya-2016 B"]
[Site "Lutsk, Volyn region"]
[Date "2016.02.19"]
[Round "22.4"]
[White "Budnikov, Oleg"]
[Black "Rakhmangulov, Andrei"]
[Result "1/2-1/2"]
[WhiteElo "2509"]
[BlackElo "2402"]
[PlyCount "46"]
[EventDate "2016.02.19"]
[EventType "swiss (blitz)"]
[EventRounds "22"]
[EventCountry "UKR"]

1. e4 d6 2. d4 Nf6 3. Nc3 g6 4. f4 Bg7 5. Nf3 O-O 6. Bd3 Nc6 7. e5 dxe5 8. dxe5
Nd5 9. O-O Nxc3 10. bxc3 Bf5 11. Qe2 Bxd3 12. cxd3 f6 13. Rb1 Rb8 14. d4 Qd5
15. Rb5 Qd7 16. Ba3 a6 17. Rbb1 b5 18. Bc5 Rfe8 19. c4 e6 20. cxb5 axb5 21.
Rxb5 Nxe5 22. Rxb8 Nxf3+ 23. Qxf3 Rxb8 1/2-1/2

[Event "3rd Memory of Nebesna Sotnya-2016 B"]
[Site "Lutsk, Volyn region"]
[Date "2016.02.19"]
[Round "22.5"]
[White "Zubarev, Alexander"]
[Black "Omelja, Artem"]
[Result "1-0"]
[WhiteElo "2470"]
[BlackElo "2433"]
[PlyCount "54"]
[EventDate "2016.02.19"]
[EventType "swiss (blitz)"]
[EventRounds "22"]
[EventCountry "UKR"]

1. c4 f5 2. Nc3 Nf6 3. d4 d6 4. Bg5 Nbd7 5. Nf3 c6 6. e3 e5 7. Qc2 e4 8. Nd2 h6
9. Bh4 g5 10. Bg3 c5 11. Nb3 Nh5 12. Be2 Nxg3 13. hxg3 Bg7 14. Bh5+ Kf8 15.
O-O-O cxd4 16. Nxd4 Nf6 17. Be2 a6 18. Kb1 Qe7 19. Nd5 Qe5 20. Nb6 Rb8 21. Qb3
Qc5 22. Nxc8 Qxc8 23. c5 dxc5 24. Ne6+ Ke7 25. Nxg7 b5 26. Qc3 Qc7 27. Nh5 Rb6
1-0

[Event "3rd Memory of Nebesna Sotnya-2016 B"]
[Site "Lutsk, Volyn region"]
[Date "2016.02.19"]
[Round "22.6"]
[White "Ianov, Viktor"]
[Black "Borisenko, Viacheslav"]
[Result "0-1"]
[WhiteElo "2382"]
[BlackElo "2455"]
[PlyCount "78"]
[EventDate "2016.02.19"]
[EventType "swiss (blitz)"]
[EventRounds "22"]
[EventCountry "UKR"]

1. Nf3 d5 2. g3 g6 3. Bg2 Bg7 4. c4 e6 5. O-O Ne7 6. Qc2 O-O 7. d3 c6 8. Nbd2
e5 9. Rb1 a5 10. b3 Be6 11. Bb2 d4 12. Ne4 h6 13. Ba3 Na6 14. Nc5 Nxc5 15. Bxc5
b6 16. Ba3 c5 17. Bc1 Qd7 18. Re1 f5 19. e3 Rae8 20. exd4 exd4 21. h4 Nc6 22.
Bf4 Kh7 23. a3 Bf7 24. Qd2 Rxe1+ 25. Rxe1 Re8 26. Re2 Ra8 27. Ne5 Bxe5 28. Bxe5
a4 29. bxa4 Rxa4 30. Bf4 Rxa3 31. Bxh6 Nb4 32. Qg5 Ra7 33. Bf8 Kg8 34. Qh6 Be8
35. h5 Qf7 36. Bd6 gxh5 37. Qg5+ Kh7 38. Re5 Qg6 39. Re7+ Rxe7 0-1

[Event "3rd Memory of Nebesna Sotnya-2016 B"]
[Site "Lutsk, Volyn region"]
[Date "2016.02.19"]
[Round "22.7"]
[White "Martynov, Roman"]
[Black "Mikhaletz, Lubomir"]
[Result "1-0"]
[WhiteElo "2304"]
[BlackElo "2439"]
[PlyCount "115"]
[EventDate "2016.02.19"]
[EventType "swiss (blitz)"]
[EventRounds "22"]
[EventCountry "UKR"]

1. d4 d6 2. Nf3 Bg4 3. c4 Bxf3 4. exf3 c6 5. Nc3 e6 6. d5 Nf6 7. dxe6 fxe6 8.
g3 Qa5 9. Qe2 e5 10. Bh3 Nbd7 11. O-O Be7 12. f4 O-O 13. Rb1 Kh8 14. b4 Qc7 15.
fxe5 Nxe5 16. f4 Ng6 17. Qf2 a5 18. b5 d5 19. bxc6 bxc6 20. Be3 Bb4 21. Na4 Ne4
22. Qc2 Qe7 23. Bd4 Nd2 24. Rxb4 Nxf1 25. Rb1 Nxf4 26. Bxf1 Ne6 27. Bf2 Rf6 28.
cxd5 cxd5 29. Re1 Raf8 30. Bc5 Nxc5 31. Rxe7 Rxf1+ 32. Kg2 Ne4 33. Rxe4 dxe4
34. Qxe4 R1f2+ 35. Kh3 Rxa2 36. Nc5 h6 37. Ne6 Rf6 38. Qg4 Rf7 39. Nf4 Rd2 40.
Qh5 Rdd7 41. Qxa5 Rd6 42. Qe5 Rdf6 43. Qe8+ Kh7 44. Qe4+ Kg8 45. Kg4 g6 46. h4
h5+ 47. Kh3 Kg7 48. Ne6+ Kh6 49. Qe3+ Kh7 50. Ng5+ Kg7 51. Qd4 Kg8 52. Ne4 Kg7
53. Kg2 Rf8 54. Qe5 R8f7 55. Kh3 Rf8 56. g4 hxg4+ 57. Kxg4 R8f7 58. Nxf6 1-0

[Event "3rd Memory of Nebesna Sotnya-2016 B"]
[Site "Lutsk, Volyn region"]
[Date "2016.02.19"]
[Round "22.8"]
[White "Polivanov, Anatoliy"]
[Black "Mischuk, Dmitry"]
[Result "1-0"]
[WhiteElo "2384"]
[BlackElo "2425"]
[PlyCount "35"]
[EventDate "2016.02.19"]
[EventType "swiss (blitz)"]
[EventRounds "22"]
[EventCountry "UKR"]

1. e4 c6 2. d4 d5 3. e5 Bf5 4. Nf3 e6 5. Be2 Bg4 6. O-O Nd7 7. Nbd2 Ne7 8. Nb3
Bxf3 9. Bxf3 c5 10. Nxc5 Nxc5 11. dxc5 Qc7 12. Re1 Ng6 13. c4 Bxc5 14. cxd5 Qb6
15. Qa4+ Kf8 16. Be3 Bxe3 17. Rxe3 Qxb2 18. Rae1 1-0